[Event "Mittelfrankenliga-B2a 0708"]
[Site "Mittelfranken"]
[Date "2008.01.13"]
[Round "4.5"]
[White "Lais, Thomas"]
[Black "Churt, Kerstin"]
[Result "1-0"]
[WhiteElo "1846"]
[BlackElo "1707"]
[PlyCount "81"]
[EventDate "2007.10.14"]
[EventType "team-tourn"]
[EventRounds "9"]
[EventCountry "GER"]
[SourceTitle "EXT 2011"]
[Source "ChessBase"]
[SourceDate "2010.11.26"]
[SourceVersion "1"]
[SourceVersionDate "2010.11.26"]
[SourceQuality "1"]
[WhiteTeam "Nuernberg Sued SW III"]
[BlackTeam "Altensittenbach II"]
[WhiteTeamCountry "GER"]
[BlackTeamCountry "GER"]

1. e4 c5 2. Nf3 Nc6 3. d4 cxd4 4. Nxd4 a6 5. Nc3 d6 6. Bc4 Nf6 7. Bb3 e5 8. Nde2 Be7 9. Bg5 Be6 10. Bxf6 gxf6 11. Nd5 f5 12. f3 Rg8 13. exf5 Bxf5 14. Nxe7 Qxe7 15. Ng3 Be6 16. c3 0-0-0 17. Qd3 h5 18. Qd2 h4 19. Nf1 f5 20. Bxe6+ Qxe6 21. b3 f4 22. 0-0-0 d5 23. h3 Qd6 24. Kb2 Qc5 25. Qe2 d4 26. c4 Qb4 27. Qd2 Qc3+ 28. Kb1 Nb4 29. Nh2 e4 30. fxe4 Qxd2 31. Rxd2 Rge8 32. Re1 d3 33. e5 Rd4 34. Nf3 Rd7 35. Nxh4 Rde7 36. Nf3 Nc6 37. Rxd3 Nxe5 38. Nxe5 Rxe5 39. Rxe5 Rxe5 40. Rd2 Re1+ 41. Kb2 1-0

[Event "Mittelfrankenliga-B2a 0708"]
[Site "Mittelfranken"]
[Date "2007.11.11"]
[Round "2.7"]
[White "Niebler, Andreas"]
[Black "Churt, Kerstin"]
[Result "1-0"]
[WhiteElo "1800"]
[BlackElo "1707"]
[PlyCount "91"]
[EventDate "2007.10.14"]
[EventType "team-tourn"]
[EventRounds "9"]
[EventCountry "GER"]
[SourceTitle "EXT 2011"]
[Source "ChessBase"]
[SourceDate "2010.11.26"]
[SourceVersion "1"]
[SourceVersionDate "2010.11.26"]
[SourceQuality "1"]
[WhiteTeam "Neumarkt"]
[BlackTeam "Altensittenbach II"]
[WhiteTeamCountry "GER"]
[BlackTeamCountry "GER"]

1. d4 d5 2. c4 c6 3. Nc3 Nf6 4. e3 Bf5 5. Nf3 e6 6. Bd3 Bxd3 7. Qxd3 dxc4 8. Qxc4 Nbd7 9. 0-0 Bd6 10. Rd1 Qc7 11. Bd2 0-0 12. Rac1 e5 13. Nb5 Qb8 14. Nxd6 Qxd6 15. Bb4 c5 16. Bxc5 Nxc5 17. dxe5 Qb6 18. Qxc5 Qxc5 19. Rxc5 Rfd8 20. Rxd8+ Rxd8 21. Kf1 Ne8 22. Nd4 Kf8 23. f4 g6 24. Ke2 Ke7 25. g4 Rd7 26. Kf3 Nc7 27. Ke4 Ne8 28. f5 Nc7 29. a3 Ne8 30. Rc8 Rd8 31. Rxd8 Kxd8 32. Kd5 Ke7 33. Nb5 a6 34. Nd4 Kd7 35. Kc5 Nc7 36. e4 Ne8 37. Kb6 Kc8 38. b4 Nc7 39. a4 Na8+ 40. Kc5 Kd7 41. e6+ fxe6 42. Nxe6 Ke7 43. g5 gxf5 44. exf5 Kf7 45. a5 Ke7 46. b5 1-0

[Event "Mittelfrankenliga-B2a 0708"]
[Site "Mittelfranken"]
[Date "2007.10.14"]
[Round "1.6"]
[White "Walter, Eugen"]
[Black "Churt, Kerstin"]
[Result "1-0"]
[WhiteElo "1905"]
[BlackElo "1707"]
[PlyCount "107"]
[EventDate "2007.10.14"]
[EventType "team-tourn"]
[EventRounds "9"]
[EventCountry "GER"]
[SourceTitle "EXT 2011"]
[Source "ChessBase"]
[SourceDate "2010.11.26"]
[SourceVersion "1"]
[SourceVersionDate "2010.11.26"]
[SourceQuality "1"]
[WhiteTeam "Forchheim III"]
[BlackTeam "Altensittenbach II"]
[WhiteTeamCountry "GER"]
[BlackTeamCountry "GER"]

1. Nf3 c5 2. g3 d5 3. c4 e6 4. Bg2 Nc6 5. cxd5 exd5 6. d3 Nf6 7. 0-0 Be7 8. b3 0-0 9. Nbd2 Bf5 10. h3 h6 11. Re1 Qd7 12. Kh2 Rfe8 13. a3 Rac8 14. Qc2 a6 15. Bb2 b5 16. e4 dxe4 17. dxe4 Bh7 18. Ne5 Qe6 19. f4 Nxe5 20. Bxe5 Nd7 21. Bb2 Bf6 22. Re2 Bxb2 23. Qxb2 Nb6 24. Rae1 c4 25. Re3 cxb3 26. Qxb3 Qxb3 27. Rxb3 Red8 28. Nf1 Rc2 29. Ne3 Ra2 30. Kg1 Rdd2 31. Bf3 g5 32. f5 Rh2 33. Bg2 Rhxg2+ 34. Nxg2 Nc4 35. g4 Nxa3 36. Ne3 a5 37. e5 b4 38. Nd5 Nc4 39. e6 fxe6 40. fxe6 Nd6 41. Rf3 Kg7 42. Nc7 Be4 43. Rfe3 Bc6 44. e7 Rg2+ 45. Kf1 Nc4 46. Re4 Bxe4 47. e8Q Rc2 48. Rxe4 Nd2+ 49. Ke1 Nxe4 50. Qxe4 b3 51. Qe7+ Kg6 52. Ne6 Rc1+ 53. Kd2 Rc2+ 54. Kd3 1-0

[Event "Mittelfrankenliga-B2a 0607"]
[Site "Mittelfranken"]
[Date "2006.11.12"]
[Round "2.5"]
[White "Churt, Kerstin"]
[Black "Niebler, Andreas"]
[Result "1/2-1/2"]
[WhiteElo "1741"]
[BlackElo "1799"]
[PlyCount "119"]
[EventDate "2006.10.22"]
[EventType "team-tourn"]
[EventRounds "9"]
[EventCountry "GER"]
[SourceTitle "EXT 2011"]
[Source "ChessBase"]
[SourceDate "2010.11.26"]
[SourceVersion "1"]
[SourceVersionDate "2010.11.26"]
[SourceQuality "1"]
[WhiteTeam "Altensittenbach II"]
[BlackTeam "Neumarkt"]
[WhiteTeamCountry "GER"]
[BlackTeamCountry "GER"]

1. e4 e6 2. d4 d5 3. Bd3 Nf6 4. Nd2 Be7 5. c3 c5 6. e5 Nfd7 7. Qg4 0-0 8. Ndf3 f5 9. Qh3 cxd4 10. cxd4 Bb4+ 11. Kf1 Be7 12. Ne2 Rf7 13. g4 Nf8 14. g5 g6 15. Nf4 Nc6 16. a3 a5 17. Qg3 Qb6 18. Ne2 Bd7 19. h4 Rg7 20. h5 a4 21. hxg6 hxg6 22. Rh6 Na5 23. Rb1 Rc8 24. Bd2 Nb3 25. Bc3 Bb5 26. Bxb5 Qxb5 27. Ne1 Qa6 28. f4 b5 29. Kf2 Qb6 30. Nd3 Rxc3 31. Nxc3 Nd2 32. Rbh1 Bxa3 33. Ke2 Ne4 34. Nxe4 dxe4 35. bxa3 exd3+ 36. Qxd3 Qc6 37. Rh8+ Kf7 38. R8h2 Qd5 39. Ke3 Nd7 40. Rb1 Nb6 41. Kf2 Nc4 42. Kg3 Kg8 43. Rbh1 Nb6 44. Rh8+ Kf7 45. Rb8 Qxh1 46. Qxb5 Qe1+ 47. Kf3 Qe4+ 48. Kg3 Qe3+ 49. Kg2 Qd2+ 50. Kf3 Qd1+ 51. Kf2 Qxd4+ 52. Ke2 Qc4+ 53. Qxc4 Nxc4 54. Kd3 Nxa3 55. Kc3 Ke7 56. Rb7+ Kf8 57. Rb8+ Kf7 58. Kd3 Ke7 59. Rb7+ Kf8 60. Rb8+ 1/2-1/2

[Event "Mittelfranken-chT 0405"]
[Site "Germany"]
[Date "2005.03.13"]
[Round "7.4"]
[White "Churt, Kerstin"]
[Black "Trockmann, Rafael"]
[Result "0-1"]
[WhiteElo "1795"]
[BlackElo "1891"]
[PlyCount "116"]
[EventDate "2004.10.17"]
[EventType "team"]
[EventRounds "9"]
[EventCountry "GER"]
[SourceTitle "EXT 2007"]
[Source "ChessBase"]
[SourceDate "2006.11.23"]
[SourceVersion "1"]
[SourceVersionDate "2006.11.23"]
[SourceQuality "1"]

1. e4 d6 2. d4 Nf6 3. Nd2 c5 4. c3 e5 5. Ngf3 Bg4 6. Qa4+ Bd7 7. Bb5 Nc6 8. d5 Ne7 9. c4 a6 10. Bxd7+ Qxd7 11. Qa5 Nc8 12. 0-0 b6 13. Qc3 Be7 14. a3 a5 15. b3 0-0 16. Bb2 Qg4 17. h3 Qh5 18. Nh2 g5 19. Qg3 Qg6 20. Rae1 Nh5 21. Qg4 Nf4 22. Re3 h5 23. Qf3 Kh7 24. Rfe1 Rg8 25. Ndf1 g4 26. hxg4 hxg4 27. Qd1 Nh5 28. Ng3 Bh4 29. Nxh5 Qxh5 30. Kf1 Rg6 31. g3 Bf6 32. Ke2 Rh6 33. Nf1 Bg5 34. Rc3 Ne7 35. Bc1 f5 36. Qd3 Bxc1 37. Rcxc1 Qg6 38. Kd2 Rf8 39. f3 fxe4 40. fxe4 Rf3 41. Qb1 Qg5+ 42. Kd1 Rh1 43. Nd2 Rxe1+ 44. Kxe1 Qe3+ 45. Kd1 Rxg3 46. Nf1 Qf3+ 47. Kc2 Qxe4+ 48. Kb2 Rg2+ 49. Rc2 Qxc2+ 50. Qxc2+ Rxc2+ 51. Kxc2 Nf5 52. Nh2 g3 53. Nf3 Nd4+ 54. Nxd4 exd4 55. Kd3 g2 56. Ke4 g1Q 57. Kf5 Qg6+ 58. Kf4 d3 0-1

[Event "Mittelfranken-chT 0405"]
[Site "Germany"]
[Date "2004.12.19"]
[Round "4.6"]
[White "Churt, Kerstin"]
[Black "Proebster, Georg"]
[Result "1-0"]
[WhiteElo "1795"]
[BlackElo "1802"]
[PlyCount "59"]
[EventDate "2004.10.17"]
[EventType "team"]
[EventRounds "9"]
[EventCountry "GER"]
[SourceTitle "EXT 2007"]
[Source "ChessBase"]
[SourceDate "2006.11.23"]
[SourceVersion "1"]
[SourceVersionDate "2006.11.23"]
[SourceQuality "1"]

1. e4 c5 2. Nf3 Nc6 3. d4 cxd4 4. Nxd4 Nf6 5. Nc3 e5 6. Ndb5 d6 7. Bg5 a6 8. Na3 b5 9. Nd5 Be7 10. Nxe7 Nxe7 11. Bxf6 gxf6 12. Qf3 f5 13. exf5 d5 14. g4 Qa5+ 15. c3 h5 16. h3 e4 17. Qf4 b4 18. Qe5 Rg8 19. f6 Be6 20. Qd6 Nc8 21. Qc6+ Kd8 22. Nc4 Qb5 23. Qxa8 dxc4 24. 0-0-0+ Kc7 25. Qxe4 bxc3 26. Qf4+ Kb6 27. Qd4+ Kb7 28. Bg2+ Kb8 29. Qf4+ Ka7 30. Qc7+ 1-0

[Event "Regionalliga NO 9596"]
[Site "Bayern"]
[Date "1996.??.??"]
[Round "?"]
[White "Grafl, Reinhard"]
[Black "Churt, Kerstin"]
[Result "1/2-1/2"]
[WhiteElo "1880"]
[BlackElo "1980"]
[PlyCount "67"]
[EventDate "1995.10.??"]
[EventType "team-tourn"]
[EventRounds "9"]
[EventCountry "GER"]
[SourceTitle "EXT 1999"]
[Source "ChessBase"]
[SourceDate "1998.11.16"]
[SourceVersion "1"]
[SourceVersionDate "1998.11.16"]
[SourceQuality "1"]
[WhiteTeam "Kelheim II"]
[BlackTeam "Lauf"]
[WhiteTeamCountry "GER"]
[BlackTeamCountry "GER"]

1. e4 e5 2. Nf3 Nc6 3. d4 exd4 4. Nxd4 Bc5 5. Nxc6 bxc6 6. Bc4 Qh4 7. 0-0 Nf6 8. g3 Qh3 9. Qf3 0-0 10. Nc3 Rb8 11. a3 Bd4 12. Nd1 d5 13. exd5 Bg4 14. Qh1 Qh5 15. Ne3 Bf3 16. Ng2 cxd5 17. Bd3 Rfe8 18. Nf4 Bxh1 19. Nxh5 Bf3 20. Nxf6+ Bxf6 21. Rb1 c5 22. Bf5 Re2 23. Bd3 Re7 24. Bf4 Rbe8 25. Bd6 Be2 26. Bxe2 Rxe2 27. Bxc5 Rxc2 28. b4 a6 29. Rbd1 Rd8 30. Rd3 d4 31. Rfd1 Rc4 32. Kg2 Be5 33. Kf3 f5 34. h3 1/2-1/2

[Event "Bayern-ch (Women) 65th"]
[Site "Lichtenfels"]
[Date "1994.??.??"]
[Round "2"]
[White "Churt, Kerstin"]
[Black "Walther, Margareta"]
[Result "1-0"]
[WhiteElo "1880"]
[BlackElo "1540"]
[PlyCount "51"]
[EventDate "1994.08.27"]
[EventType "swiss"]
[EventRounds "9"]
[EventCountry "GER"]
[SourceTitle "EXT 2001"]
[Source "ChessBase"]
[SourceDate "2000.11.22"]
[SourceVersion "1"]
[SourceVersionDate "2000.11.22"]
[SourceQuality "1"]

1. e4 e5 2. Nf3 Nc6 3. d4 exd4 4. Bc4 Be7 5. 0-0 d6 6. c3 dxc3 7. Qb3 Na5 8. Qa4+ c6 9. Bd3 b5 10. Qc2 cxb2 11. Bxb2 Bf6 12. e5 dxe5 13. Bxe5 Bxe5 14. Nxe5 Qf6 15. Re1 Ne7 16. Qc3 Nb7 17. Nxc6 Be6 18. Bxb5 Qxc3 19. Nxc3 a6 20. Ba4 Nc5 21. Nd4+ Nxa4 22. Nxa4 Bd7 23. Nc5 Ra7 24. Rab1 f6 25. Rb8+ Bc8 26. Rxc8+ 1-0

[Event "Bayern-ch (Women) 65th"]
[Site "Lichtenfels"]
[Date "1994.??.??"]
[Round "5"]
[White "Spatz, Heike"]
[Black "Churt, Kerstin"]
[Result "1-0"]
[WhiteElo "1977"]
[BlackElo "1880"]
[PlyCount "65"]
[EventDate "1994.08.27"]
[EventType "swiss"]
[EventRounds "9"]
[EventCountry "GER"]
[SourceTitle "EXT 2001"]
[Source "ChessBase"]
[SourceDate "2000.11.22"]
[SourceVersion "1"]
[SourceVersionDate "2000.11.22"]
[SourceQuality "1"]

1. e4 c5 2. Nf3 Nc6 3. d4 cxd4 4. Nxd4 Nf6 5. Nc3 e5 6. Ndb5 d6 7. Bg5 a6 8. Na3 b5 9. Nd5 Be7 10. Bxf6 Bxf6 11. Bxb5 axb5 12. Nxb5 Qa5+ 13. c3 0-0 14. Nxd6 Rd8 15. Nxc8 Raxc8 16. 0-0 Rd6 17. b4 Qb5 18. Qg4 Rb8 19. Rfd1 Qc4 20. a4 Kf8 21. Rac1 Ne7 22. Nxf6 Rxf6 23. Qd7 Re8 24. f3 Rc6 25. Kh1 Rc7 26. Qd6 f6 27. a5 Rec8 28. Qb6 Nc6 29. b5 Nb8 30. a6 Qf7 31. Qd6+ Ke8 32. b6 Rc6 33. b7 1-0